Welcome to the Holygrace Academy Library

Please use search bar below to get started

MACHUAARA AUR JINN (Record no. 4566)

MARC details
000 -LEADER
fixed length control field 00216nam a22001097a 4500
082 ## - DEWEY DECIMAL CLASSIFICATION NUMBER
Classification number 494
Item number ROH/M
245 ## - TITLE STATEMENT
Title MACHUAARA AUR JINN
260 ## - PUBLICATION, DISTRIBUTION, ETC. (IMPRINT)
Place of publication DELHI
Name of publisher ROHAN BOOK
300 ## - PHYSICAL DESCRIPTION
Number of Pages 80
650 ## - SUBJECT ADDED ENTRY--TOPICAL TERM
Topical Term STORY
Geographic subdivision DELHI
942 ## - ADDED ENTRY ELEMENTS (KOHA)
Koha item type Books
Holdings
Withdrawn status Lost status Collection code Home library Current library Shelving location Date acquired Source of acquisition Full call number Accession Number Koha item type
    Fiction Main Library Main Library   11/12/2019 PURCHASE 494 ROH/M 12235 Books